Marietta Žigalová: Ako som prišla na chuť fitnescentrám so športovaním začala ako mamička dvoch malých detí, ktorá sa potrebovala vyventilovať

Bibliographic Details
Main Authors: Kováč, Pavel (Author, Interviewer), Žigalová, Marietta, 1968- (Author)
Format: Article
Language:Slovak
PhysicalDescription:Fotogr.
ISSN:1335-4620
Subjects:

MARC

LEADER 00000nab a2200000 ar4500
001 vtls008996793
003 SK-MaSNL
005 20260303065752.0
008 070607c2006 xo er|p|||||||000 b|slo
015 |a SNBRB2007/06  |2 snkbucl 
038 |a SNKBUCL 
040 |a SNKBUCL  |b slo  |c SNKBUCL  |e AACR2 
041 0 |a slo 
044 |a xo  |c SK 
080 |a 796.894.071.2  |2 2001 
100 1 |a Kováč, Pavel  |4 ivr  |4 aut  |9 376910 
245 1 0 |a Marietta Žigalová: Ako som prišla na chuť fitnescentrám  |b so športovaním začala ako mamička dvoch malých detí, ktorá sa potrebovala vyventilovať  |c [zhováral sa] Pavel Kováč 
300 |b Fotogr. 
600 1 7 |a Žigalová, Marietta,  |d 1968-  |2 snkbucl  |9 14376 
700 1 |a Žigalová, Marietta,  |d 1968-  |4 ive  |4 aut  |9 14376 
773 0 |t Profit  |g Č. 25-26 (2006), s. 80-82  |x 1335-4620 
852 |a SNK  |b KIS3GCP 
999 |c 1752600  |d 1754530